000 00396nam a2200157Ia 4500
008 241014s9999||||xx |||||||||||||| ||und||
020 _a9788178088167
060 _aHF 563 R 2003
100 _aRomney, Marshall B.
245 0 _aAccounting Information System
250 _a9th Ed. / 2003
260 _aDelhi
_bPearson Education
300 _a765
650 _aAccounting
942 _bIBHM
_cBK
999 _c16272
_d16272